Kinh nghiệm làm giàu của nữ doanh nhân

Na minha lista:
Detalhes bibliográficos
Autor principal: Vĩnh Hồ
Formato: Livro
Idioma:Undetermined
Publicado em: Thành phố Hồ Chí Minh Phụ nữ 2007
Assuntos:
Tags: Adicionar Tag
Sem tags, seja o primeiro a adicionar uma tag!
Thư viện lưu trữ: Trung tâm Học liệu Trường Đại học Cần Thơ
LEADER 00668nam a2200193Ia 4500
001 CTU_129202
008 210402s9999 xx 000 0 und d
020 |c 23000 
082 |a 658.4092 
082 |b V312 
100 |a Vĩnh Hồ 
245 0 |a Kinh nghiệm làm giàu của nữ doanh nhân 
245 0 |c Vình Hồ 
260 |a Thành phố Hồ Chí Minh 
260 |b Phụ nữ 
260 |c 2007 
650 |a Success in business,Women in business,Business intelligence,Thành công trong kinh doanh,Phụ nữ trong kinh doanh,Trí tuệ kinh doanh 
904 |i Minh 
980 |a Trung tâm Học liệu Trường Đại học Cần Thơ